[Event "LLHH 1819 Großhansdorf - St. Pauli III"]
[Site "?"]
[Date "2019.04.13"]
[Round "8.4"]
[White "Varain, Ernst-Helmuth"]
[Black "Thomaschke, Dirk"]
[Result "1/2-1/2"]
[WhiteElo "2065"]
[BlackElo "2135"]
[PlyCount "90"]
[EventDate "2019.??.??"]

1. e4 e5 2. Bc4 Nf6 3. d3 Nc6 4. Nf3 Be7 5. c3 O-O 6. O-O d5 7. exd5 Nxd5 8.
Re1 Bg4 9. h3 Bh5 10. g4 Bg6 11. Nxe5 Nxe5 12. Rxe5 Nb6 13. Qf3 Bf6 14. Re1 Re8
15. Rxe8+ Qxe8 16. Be3 Nxc4 17. dxc4 Be4 18. Qe2 Bc6 19. Nd2 Qe6 20. Re1 Re8
21. Qd3 g6 22. Nf1 Rd8 23. Qe2 Qe4 24. f3 Qxf3 25. Qxf3 Bxf3 26. g5 Be7 27. Kf2
Rd1 28. Rxd1 Bxd1 29. Nd2 Bc2 30. h4 h6 31. Nf3 hxg5 32. hxg5 a6 33. Bf4 c6 34.
Ke3 f6 35. gxf6 Bxf6 36. Be5 Kf7 37. Kf4 Bb1 38. a3 Ba2 39. c5 Bd5 40. Bxf6
Kxf6 41. Ng5 a5 42. b4 a4 43. Nh7+ Kg7 44. Ng5 Kh6 45. Kg4 Kg7 1/2-1/2

[Event "LLHH 1819 Großhansdorf - St. Pauli III"]
[Site "?"]
[Date "2019.04.13"]
[Round "8.5"]
[White "David, Torsten"]
[Black "Felten, Joachim"]
[Result "1/2-1/2"]
[WhiteElo "2052"]
[BlackElo "2078"]
[PlyCount "34"]
[EventDate "2019.??.??"]

1. e4 e6 2. d4 d5 3. Nd2 Nf6 4. e5 Nfd7 5. f4 c5 6. c3 Nc6 7. Ndf3 Qb6 8. g3
cxd4 9. cxd4 Bb4+ 10. Kf2 f6 11. Kg2 g5 12. h3 gxf4 13. Bxf4 Be7 14. Qd2 O-O
15. Rd1 fxe5 16. Nxe5 Ndxe5 17. dxe5 Bd7 1/2-1/2

[Event "LLHH 1819 Großhansdorf - St. Pauli III"]
[Site "?"]
[Date "2019.04.13"]
[Round "8.6"]
[White "Limbach, Torsten"]
[Black "Knecht, Guntram"]
[Result "0-1"]
[WhiteElo "1964"]
[BlackElo "2023"]
[PlyCount "92"]
[EventDate "2019.??.??"]

1. c4 f5 2. g3 Nf6 3. Bg2 g6 4. b3 Bg7 5. Bb2 d6 6. Nf3 e5 7. d3 O-O 8. O-O Nc6
9. Nbd2 Nh5 10. e3 e4 11. Nd4 Nb4 12. dxe4 c5 13. Bc3 cxd4 14. exd4 Nc6 15.
exf5 Bxf5 16. Nf3 Qd7 17. Nh4 Bh3 18. Bd5+ Kh8 19. Re1 Nf6 20. Bh1 Rae8 21. Qd2
d5 22. c5 Ng4 23. f4 Nf6 24. b4 Bf5 25. b5 Ne7 26. Nxf5 gxf5 27. a4 Ne4 28. Qc2
Ng8 29. Rad1 Nxc3 30. Qxc3 Nf6 31. Qb2 Ne4 32. Bf3 Nxc5 33. Qb4 Rxe1+ 34. Qxe1
Ne4 35. Qb4 Rc8 36. Bxe4 fxe4 37. Qd2 Rc4 38. Qf2 Qg4 39. Rd2 Rxa4 40. Kg2 Ra3
41. h3 Qd7 42. Rc2 Ra4 43. f5 Bxd4 44. Qf4 Rc4 45. Rxc4 dxc4 46. Qxe4 c3 0-1

[Event "LLHH 1819 Großhansdorf - St. Pauli III"]
[Site "?"]
[Date "2019.04.13"]
[Round "8.7"]
[White "Müller, Frank"]
[Black "Kemeny, Matthias"]
[Result "1/2-1/2"]
[WhiteElo "2092"]
[BlackElo "1961"]
[PlyCount "63"]
[EventDate "2019.??.??"]

1. f4 Nf6 2. Nf3 g6 3. e3 d6 4. Bc4 Bg7 5. d3 Nc6 6. a3 O-O 7. O-O a6 8. Nc3 d5
9. Ba2 d4 10. exd4 Nxd4 11. Ne5 Be6 12. Bxe6 Nxe6 13. Be3 Nd5 14. Nxd5 Qxd5 15.
Qf3 Rad8 16. Rad1 Nd4 17. Qxd5 Rxd5 18. Bxd4 Rxd4 19. c3 Rd5 20. d4 Rfd8 21.
Rfe1 e6 22. Ng4 b5 23. Ne3 R5d6 24. g4 a5 25. Nc2 Bf8 26. f5 exf5 27. gxf5 Rf6
28. Re5 c6 29. Ne3 h5 30. Rf1 Bd6 31. Re4 c5 32. h3 1/2-1/2

[Event "Eimsbüttel - Weiße Dame"]
[Site "?"]
[Date "2019.04.13"]
[Round "8.1"]
[White "Mandelbaum, Peter-Rene"]
[Black "Förster, Andreas"]
[Result "1/2-1/2"]
[WhiteElo "2090"]
[BlackElo "2184"]
[PlyCount "75"]
[EventDate "2019.??.??"]

1. e4 c5 2. Nf3 d6 3. d4 cxd4 4. Nxd4 Nf6 5. Nc3 a6 6. Be3 b5 7. f3 h5 8. a4
bxa4 9. Bc4 e6 10. O-O Bb7 11. Nxa4 d5 12. exd5 Nxd5 13. Bc1 Bd6 14. Qe1 Qc7
15. Nxe6 Qxc4 16. Nec5+ Be7 17. Nxb7 O-O 18. Qe4 Qxe4 19. fxe4 Nf6 20. Nbc5 Re8
21. Bd2 Bxc5+ 22. Nxc5 Nxe4 23. Nxe4 Rxe4 24. Rfe1 Rxe1+ 25. Bxe1 Nc6 26. Ra4
f6 27. Bc3 Kf7 28. b4 Ra7 29. Kf2 Ke6 30. Bd2 Kd5 31. Be3 Re7 32. Bc5 Re4 33.
c3 Ne5 34. Rxa6 Nd3+ 35. Kf3 Ne5+ 36. Kf2 Nd3+ 37. Kf3 Ne5+ 38. Kf2 1/2-1/2

[Event "Eimsbüttel - Weiße Dame"]
[Site "?"]
[Date "2019.04.13"]
[Round "8.2"]
[White "Henrich, Holger"]
[Black "Popist, Florian"]
[Result "1/2-1/2"]
[WhiteElo "2156"]
[BlackElo "2028"]
[PlyCount "70"]
[EventDate "2019.??.??"]

1. d4 d5 2. c4 e6 3. Nc3 Be7 4. Nf3 Nf6 5. Bf4 O-O 6. e3 b6 7. cxd5 Nxd5 8.
Nxd5 exd5 9. Be2 c5 10. dxc5 bxc5 11. O-O Be6 12. Ne5 Qb6 13. b3 Nc6 14. Nxc6
Qxc6 15. Be5 Rac8 16. Rc1 Rfd8 17. b4 c4 18. a3 a5 19. bxa5 Bxa3 20. Ra1 Bd6
21. Bc3 Bc5 22. Bg4 f5 23. Bf3 Qd6 24. g3 f4 25. Bd4 fxe3 26. fxe3 c3 27. Qd3
Bxd4 28. Qxd4 Qc5 29. Qxc5 Rxc5 30. a6 Ra8 31. a7 Rc7 32. Ra6 Bf7 33. Rc1 Raxa7
34. Rxc3 Rxc3 35. Rxa7 Rxe3 1/2-1/2

[Event "Eimsbüttel - Weiße Dame"]
[Site "?"]
[Date "2019.04.13"]
[Round "8.3"]
[White "Lansky, Georg"]
[Black "Adloff, Ralf"]
[Result "1/2-1/2"]
[WhiteElo "1951"]
[BlackElo "2101"]
[PlyCount "80"]
[EventDate "2019.??.??"]

1. e4 d6 2. d4 Nf6 3. Nc3 e5 4. Nf3 Nbd7 5. Bc4 Be7 6. a4 O-O 7. O-O a5 8. h3
exd4 9. Qxd4 Nc5 10. Re1 c6 11. Be3 Be6 12. e5 dxe5 13. Qxd8 Rfxd8 14. Bxc5
Bxc5 15. Bxe6 fxe6 16. Rxe5 Bb4 17. Rxe6 Bxc3 18. bxc3 Nd5 19. c4 Nb4 20. c3
Nd3 21. Re7 Nc5 22. Nd4 Re8 23. Rxe8+ Rxe8 24. Rb1 Re7 25. f3 Nxa4 26. Ra1 Nxc3
27. Rxa5 Ne2+ 28. Nxe2 Rxe2 29. Ra7 Rb2 30. Ra8+ Kf7 31. Rd8 h6 32. Kh2 b5 33.
Rc8 bxc4 34. Rxc6 Rc2 35. Kg3 c3 36. Kf4 Rxg2 37. Rxc3 Rg6 38. Rc7+ Kg8 39. h4
Rf6+ 40. Kg4 h5+ 1/2-1/2

[Event "Eimsbüttel - Weiße Dame"]
[Site "?"]
[Date "2019.04.13"]
[Round "8.5"]
[White "Ludwig, Jan"]
[Black "Leonardi, Karlheinz"]
[Result "0-1"]
[WhiteElo "2063"]
[BlackElo "2131"]
[PlyCount "62"]
[EventDate "2019.??.??"]

1. e4 d6 2. d4 Nf6 3. Nc3 Nbd7 4. f4 e5 5. Nf3 exd4 6. Qxd4 c6 7. Be3 d5 8. e5
Ng4 9. Bg1 Bc5 10. Qd2 O-O 11. h3 Nh6 12. O-O-O Nf5 13. Bd3 Ng3 14. Rh2 Bxg1
15. Rxg1 Nc5 16. Nd4 f6 17. Qe3 Nxd3+ 18. cxd3 fxe5 19. fxe5 Nf1 20. Rxf1 Rxf1+
21. Kc2 c5 22. Qe2 cxd4 23. Qxf1 dxc3 24. bxc3 d4 25. g4 Qa5 26. Qf4 Qxc3+ 27.
Kd1 Be6 28. Rf2 Qxd3+ 29. Rd2 Qb1+ 30. Ke2 Bc4+ 31. Kf3 Rf8 0-1

[Event "Eimsbüttel - Weiße Dame"]
[Site "?"]
[Date "2019.04.13"]
[Round "8.6"]
[White "Jarnuczak, Detlev"]
[Black "Purniel Umpierre, Christian"]
[Result "1-0"]
[WhiteElo "1977"]
[BlackElo "1996"]
[PlyCount "61"]
[EventDate "2019.??.??"]

1. d4 d6 2. e4 g6 3. c4 Bg7 4. Nc3 Nc6 5. Nge2 e5 6. Be3 f5 7. exf5 Bxf5 8. d5
Nce7 9. Ng3 Nf6 10. f3 c6 11. Qd2 cxd5 12. cxd5 a6 13. Be2 Qa5 14. Rd1 O-O 15.
O-O Rac8 16. Nge4 Nxe4 17. fxe4 Bd7 18. Bg5 Rxf1+ 19. Rxf1 Qc5+ 20. Kh1 Re8 21.
b4 Qd4 22. b5 Qxd2 23. Bxd2 axb5 24. Nxb5 Bxb5 25. Bxb5 Rc8 26. Bb4 Rd8 27. Rc1
Nc8 28. Rc7 Na7 29. Bd7 Rf8 30. g3 Bh6 31. Bxd6 1-0

[Event "Eimsbüttel - Weiße Dame"]
[Site "?"]
[Date "2019.04.13"]
[Round "8.7"]
[White "Kuhle, Sebastian"]
[Black "Stelting, Thorsten"]
[Result "1-0"]
[WhiteElo "2016"]
[BlackElo "2185"]
[PlyCount "83"]
[EventDate "2019.??.??"]

1. c4 e5 2. Nc3 Nc6 3. g3 h6 4. Bg2 g5 5. e3 Bg7 6. Nge2 d6 7. d3 Nge7 8. a3
Be6 9. Nd5 Ng6 10. Rb1 Qd7 11. b4 Nd8 12. Ndc3 Bh3 13. Bxh3 Qxh3 14. Ng1 Qd7
15. e4 Ne6 16. Be3 Nd4 17. Rb2 f5 18. Qh5 Qf7 19. Nd5 Kd7 20. b5 Rae8 21. f3
Kc8 22. Ne2 Rhf8 23. O-O Kb8 24. Qh3 f4 25. Bxd4 exd4 26. g4 Ka8 27. Rfb1 Ne5
28. Rb3 h5 29. gxh5 g4 30. fxg4 f3 31. Ng3 f2+ 32. Kf1 Qf3 33. Qg2 Kb8 34. Nf5
Qxg2+ 35. Kxg2 Nxg4 36. Nxg7 Ne3+ 37. Nxe3 dxe3 38. Kf1 Re5 39. Ke2 Rg5 40. Nf5
Rxh5 41. Kxe3 Rxh2 42. Rf1 1-0

[Event "Eimsbüttel - Weiße Dame"]
[Site "?"]
[Date "2019.04.13"]
[Round "8.8"]
[White "Nielsen, Jörg"]
[Black "Habermann, Till"]
[Result "1-0"]
[WhiteElo "1991"]
[BlackElo "1947"]
[PlyCount "75"]
[EventDate "2019.??.??"]

1. d4 d5 2. c4 Nc6 3. Nc3 dxc4 4. d5 Na5 5. Qa4+ c6 6. b4 b5 7. Qxa5 Qxa5 8.
bxa5 b4 9. Nd1 cxd5 10. e4 e6 11. Ne3 Nf6 12. exd5 exd5 13. Nf3 Bd6 14. Be2 Bc7
15. O-O O-O 16. a3 Bxa5 17. axb4 Bxb4 18. Ba3 Bxa3 19. Rxa3 Re8 20. Rd1 h6 21.
Nd4 Re7 22. Bf3 Be6 23. Nxc4 Rae8 24. Ne3 Bg4 25. h3 Bxf3 26. Nxf3 Kf8 27. Nd4
Ne4 28. Ndf5 Re6 29. Nxd5 Re5 30. Nfe3 a5 31. Nb6 Kg8 32. Nbc4 R5e6 33. Rxa5
Nc3 34. Rda1 Rg6 35. Ra8 Rxa8 36. Rxa8+ Kh7 37. Ne5 Rf6 38. Nd7 1-0

[Event "LLHH 1819 SKJE II - Barmbek"]
[Site "?"]
[Date "2019.04.13"]
[Round "8.1"]
[White "Becker, Norbert"]
[Black "Wenzel, Birger"]
[Result "1/2-1/2"]
[WhiteElo "2128"]
[BlackElo "2101"]
[PlyCount "108"]
[EventDate "2019.??.??"]

1. c4 Nf6 2. g3 e5 3. Bg2 c6 4. d4 e4 5. Nc3 Bb4 6. Qb3 Bxc3+ 7. Qxc3 O-O 8.
Bg5 d5 9. e3 Nbd7 10. cxd5 cxd5 11. Rc1 Qb6 12. Ne2 h6 13. Bf4 Qa6 14. Qb3 Nb6
15. Nc3 Bg4 16. Bf1 Qa5 17. Bd6 Nbd7 18. Bb4 Qc7 19. Bxf8 Nxf8 20. Bg2 N8h7 21.
h4 Rd8 22. Kd2 Qd7 23. Kc2 Qf5 24. Rhf1 Rd7 25. Kb1 Ne8 26. Rc2 Nhf6 27. Rfc1
Qh5 28. Bf1 a6 29. Qb4 Nd6 30. Be2 Bxe2 31. Nxe2 Qf5 32. Nc3 Ng4 33. Nd1 Qf3
34. b3 Kh7 35. Kb2 Qf5 36. Qd2 Nh2 37. Nc3 Ng4 38. Nd1 Nh2 39. f4 Nf3 40. Qf2
Qe6 41. Ka1 Nb5 42. Rc8 Qb6 43. g4 Qa5 44. Qc2 Ne1 45. Qc5 Nd3 46. Qf8 Nxc1 47.
Qh8+ Kg6 48. f5+ Kf6 49. Rxc1 Qd2 50. Qc8 Ke7 51. Qc5+ Ke8 52. Qc8+ Rd8 53. Qc2
Qb4 54. g5 hxg5 1/2-1/2

[Event "LLHH 1819 SKJE II - Barmbek"]
[Site "?"]
[Date "2019.04.13"]
[Round "8.2"]
[White "Keyser, Philipp"]
[Black "Kaye, Ferdinand"]
[Result "1-0"]
[WhiteElo "1954"]
[BlackElo "2083"]
[PlyCount "105"]
[EventDate "2019.??.??"]

1. e4 g6 2. d4 Bg7 3. Nf3 d6 4. Bc4 Nf6 5. Qe2 O-O 6. O-O Bg4 7. Nbd2 Nc6 8. c3
e5 9. d5 Ne7 10. h3 Bd7 11. b4 Nh5 12. Nb3 Qe8 13. g4 Nf4 14. Bxf4 exf4 15.
Nfd4 Kh8 16. Bd3 Be5 17. Rac1 Ng8 18. Na5 Qe7 19. Nf3 b6 20. Nc4 Bg7 21. Rfe1
Rae8 22. Qd2 Be5 23. Ncxe5 dxe5 24. Qe2 Nf6 25. Bb5 h5 26. Bxd7 Qxd7 27. Nh2
Kg7 28. f3 Rh8 29. Kg2 hxg4 30. hxg4 Rh7 31. Rg1 Reh8 32. Nf1 Ne8 33. Kf2 Nd6
34. c4 Qa4 35. Qb2 f6 {[%emt 0:00:00]} 36. g5 Nf7 37. gxf6+ Kxf6 38. c5 Qd7 39.
Ke1 Qe7 40. cxb6 axb6 41. Rc6+ Nd6 42. Qg2 Kf7 43. Qxg6+ Kf8 44. Qg5 Qxg5 45.
Rxg5 Re7 46. a4 Ke8 47. a5 bxa5 48. bxa5 Kd7 49. a6 Ra8 50. Nd2 Ra7 51. Nb3 Nf7
52. Rg8 Re8 53. Nc5+ 1-0

[Event "LLHH 1819 SKJE II - Barmbek"]
[Site "?"]
[Date "2019.04.13"]
[Round "8.3"]
[White "Rudolph, Jens-Erik"]
[Black "Wirthgen, Peter"]
[Result "0-1"]
[WhiteElo "1812"]
[BlackElo "2048"]
[PlyCount "84"]
[EventDate "2019.??.??"]

1. d4 d5 2. Nc3 c6 3. Bg5 h6 4. Bh4 Bf5 5. e3 Qb6 6. Rb1 e6 7. Bd3 Ne7 8. g4
Bxd3 9. Qxd3 Ng6 10. Bg3 Nd7 11. f4 Bd6 12. Nf3 a6 13. b4 Qc7 14. a4 b6 15. Ne5
Bxe5 16. fxe5 c5 17. O-O O-O 18. bxc5 bxc5 19. Nxd5 exd5 20. e6 Qc6 21. exd7
cxd4 22. Qxd4 Qxd7 23. Rb6 Rac8 24. Rd6 Qe7 25. c3 Rc4 26. Qxd5 Qxe3+ 27. Kh1
Rxg4 28. Qd1 Qe4+ 29. Qf3 Qxf3+ 30. Rxf3 Rxa4 31. Rd7 f6 32. Ra7 Re8 33. Bf2
Re2 34. h3 Raa2 35. Kg1 Re5 36. h4 Re7 37. Ra8+ Kf7 38. Rd3 Nf4 39. Rf3 g5 40.
hxg5 hxg5 41. c4 Ree2 42. c5 Rxf2 0-1

[Event "LLHH 1819 SKJE II - Barmbek"]
[Site "?"]
[Date "2019.04.13"]
[Round "8.4"]
[White "Enxing, Simon"]
[Black "Hartmann, Christian"]
[Result "1-0"]
[WhiteElo "2154"]
[BlackElo "2105"]
[PlyCount "113"]
[EventDate "2019.??.??"]

1. d4 e6 2. g3 d5 3. Bg2 f5 4. Nh3 Nf6 5. O-O Bd6 6. f3 O-O 7. Bg5 c5 8. c3 Qb6
9. Qd2 Nc6 10. Bxf6 Rxf6 11. e3 Bd7 12. f4 c4 13. Qc2 Be8 14. Ng5 Ne7 15. Nd2
Bh5 16. Rf2 Qc7 17. Rc1 Rb8 18. h3 h6 19. Ngf3 Bxf3 20. Nxf3 b5 21. Bf1 a5 22.
Rg2 b4 23. cxb4 axb4 24. b3 c3 25. Bd3 Kh8 26. Qe2 Rg8 27. Ne5 Bxe5 28. dxe5
Rff8 29. g4 g6 30. Kh1 Rg7 31. Qe1 Kh7 32. Qh4 Qa7 33. Re1 Ng8 34. Ree2 Qe7 35.
Qe1 Kh8 36. h4 Qf7 37. a3 bxa3 38. Qxc3 Qc7 39. Qb4 Rb8 40. Qxa3 Qc3 41. Bc2
Rb4 42. gxf5 exf5 43. Qa6 d4 44. e4 Qh3+ 45. Kg1 Qxh4 46. exf5 Qxf4 47. f6 Qc1+
48. Kh2 Qf4+ 49. Rg3 Rc7 50. Qd3 Rc3 51. Qxg6 Qh4+ 52. Kg2 Rxg3+ 53. Qxg3 Qxg3+
54. Kxg3 d3 55. Bxd3 Rxb3 56. Re3 Rb6 57. Rf3 1-0

[Event "LLHH 1819 SKJE II - Barmbek"]
[Site "?"]
[Date "2019.04.13"]
[Round "8.5"]
[White "Bigalke, Andre"]
[Black "Zobel, Andrej"]
[Result "0-1"]
[WhiteElo "2032"]
[BlackElo "2063"]
[PlyCount "70"]
[EventDate "2019.??.??"]

1. b4 e5 2. Bb2 Bxb4 3. Bxe5 Nf6 4. c4 O-O 5. e3 d5 6. Nf3 c5 7. cxd5 Nxd5 8.
Be2 Nc6 9. Bb2 Ba5 10. a3 Be6 11. O-O Bc7 12. Qc2 Qe7 13. Rc1 Bd6 14. Nc3 Nxc3
15. Bxc3 Rac8 16. Rcb1 b6 17. Bd3 f5 18. Ba6 Rc7 19. Qb2 Bd5 20. Be2 f4 21. Qb5
fxe3 22. dxe3 Qe6 23. Rd1 Kh8 24. Qd3 Bxf3 25. Bxf3 Be5 26. Rac1 Qf6 27. Bxc6
Bxc3 28. Bf3 Be5 29. h3 Rcf7 30. Rc4 Bc7 31. Qb3 Qe5 32. Rd5 Qh2+ 33. Kf1 Rxf3
34. gxf3 Qh1+ 35. Ke2 Qxf3+ 0-1

[Event "LLHH 1819 SKJE II - Barmbek"]
[Site "?"]
[Date "2019.04.13"]
[Round "8.6"]
[White "Dumjahn, Carsten"]
[Black "Schröder, Raymond"]
[Result "1-0"]
[WhiteElo "2060"]
[BlackElo "2010"]
[PlyCount "69"]
[EventDate "2019.??.??"]

1. Nf3 {[%emt 0:00:00]} d5 2. e3 Nf6 3. c4 e6 4. d4 Be7 5. Nc3 O-O 6. b3 c5 7.
Bb2 cxd4 8. exd4 Nc6 9. Bd3 b6 10. O-O Bb7 11. Re1 Nb4 12. Be2 Rc8 13. Rc1 dxc4
14. bxc4 Bxf3 15. Bxf3 Rxc4 16. d5 Nfxd5 17. Qb3 Rc5 18. Rcd1 Qc7 19. Na4 Rc4
20. Be5 Qc8 21. Nb2 Rc6 22. a3 Nc2 23. Re4 Nc3 24. Rg4 f6 25. Bxc6 Nxd1 26.
Qxc2 Nxf2 27. Kxf2 fxe5+ 28. Kg3 Bc5 29. Be4 h5 30. Rg5 Qe8 31. Bh7+ Kh8 32.
Qg6 Bf2+ 33. Kh3 Qd7 34. Qxh5 Rf4 35. g3 1-0

[Event "LLHH 1819 SKJE II - Barmbek"]
[Site "?"]
[Date "2019.04.13"]
[Round "8.7"]
[White "Kuckelkorn, Thomas"]
[Black "Borisova, Borislava"]
[Result "1/2-1/2"]
[WhiteElo "1946"]
[BlackElo "1940"]
[PlyCount "188"]
[EventDate "2019.??.??"]

1. d4 Nf6 2. Nf3 e6 3. e3 d5 4. Bd3 Bd6 5. b3 b6 6. O-O O-O 7. Nbd2 Bb7 8. Bb2
Nbd7 9. c4 c5 10. Qc2 Rc8 11. Rad1 cxd4 12. exd4 dxc4 13. bxc4 Qc7 14. Rfe1 h6
15. Qb1 Bb4 16. Re2 Bxd2 17. Nxd2 Ng4 18. Nf1 Kh8 19. d5 Ngf6 20. dxe6 fxe6 21.
Rxe6 Nc5 22. Be5 Qf7 23. Rd6 Ng4 24. Bg3 Nxd3 25. R1xd3 Be4 26. Qb2 Bxd3 27.
Rxd3 Nf6 28. Ne3 Ne4 29. Bh4 Rce8 30. f3 Nc5 31. Ra3 Qf4 32. Bf2 Qf7 33. Bh4
Qg6 34. Nd5 Rf7 35. Bf2 Ref8 36. Bd4 Ne6 37. Kf2 Nxd4 38. Qxd4 Qc2+ 39. Kg3
Qg6+ 40. Kf2 Qc2+ 41. Kg3 Qf5 42. Re3 Qg5+ 43. Kf2 Rc8 44. Qe4 Rd8 45. Re2 b5
46. Ne7 Qc5+ 47. Kg3 Qd6+ 48. Kf2 Qd4+ 49. Qxd4 Rxd4 50. cxb5 Rb4 51. Re5 Rb2+
52. Kg3 Rxa2 53. h4 Rd2 54. h5 Rd8 55. Ng6+ Kh7 56. Kg4 Rb8 57. f4 Rfb7 58. f5
Rxb5 59. Re7 R5b7 60. Nf8+ Kg8 61. Nd7 Rb4+ 62. Kh3 Rc8 63. f6 gxf6 64. Nxf6+
Kf8 65. Rxa7 Rc3+ 66. g3 Rf3 67. Nd7+ Kg8 68. Ra6 Rbb3 69. Rg6+ Kh7 70. Nf6+
Rxf6 71. Rxf6 Rb4 72. Rf7+ Kg8 73. Re7 Ra4 74. Kg2 Ra3 75. Kf2 Rb3 76. Re6 Kh7
77. Kg2 Rb5 78. g4 Rb4 79. Kf3 Ra4 80. Re4 Ra5 81. Re7+ Kg8 82. Kf4 Rb5 83. Re5
Rb6 84. Kf5 Kf7 85. Ra5 Rf6+ 86. Ke5 Re6+ 87. Kf4 Kg7 88. Ra7+ Kg8 89. Kf5 Rb6
90. Re7 Ra6 91. Re6 Ra5+ 92. Kf6 Ra4 93. Re8+ Kh7 94. Re7+ Kh8 1/2-1/2

[Event "LLHH 1819 SKJE II - Barmbek"]
[Site "?"]
[Date "2019.04.13"]
[Round "8.8"]
[White "Killgus, Leonard"]
[Black "Stiemer, Sönke"]
[Result "1/2-1/2"]
[WhiteElo "1960"]
[BlackElo "2042"]
[PlyCount "82"]
[EventDate "2019.??.??"]

1. e4 e6 2. d4 d5 3. Nd2 Be7 4. Bd3 dxe4 5. Nxe4 Nf6 6. Nf3 Nxe4 7. Bxe4 Nd7 8.
O-O Nf6 9. Bd3 O-O 10. b3 b6 11. Bb2 Bb7 12. c4 c5 13. Re1 Bxf3 14. Qxf3 cxd4
15. Rad1 Bc5 16. Bb1 Qc7 17. Bxd4 Bxd4 18. Rxd4 Rad8 19. Red1 Rxd4 20. Rxd4 Rd8
21. Qd1 Rxd4 22. Qxd4 Qd7 23. Qd3 Qxd3 24. Bxd3 e5 25. Kf1 Kf8 26. Ke2 Ke7 27.
h3 h6 28. Ke3 Kd6 29. b4 Nd7 30. Be4 f6 31. Bd5 Nf8 32. Ke4 Ng6 33. g3 Ne7 34.
Bb7 Kc7 35. Ba8 Kd6 36. Bb7 Kc7 37. Ba8 Kd6 38. h4 f5+ 39. Kf3 g5 40. hxg5 hxg5
41. g4 e4+ 1/2-1/2

[Event "LLHH 1819 Barmbek - Diagonale"]
[Site "?"]
[Date "2019.04.14"]
[Round "9.1"]
[White "Kuberczyk, Christoph"]
[Black "Becker, Norbert"]
[Result "1/2-1/2"]
[WhiteElo "2279"]
[BlackElo "2128"]
[PlyCount "117"]
[EventDate "2019.??.??"]

1. d4 d5 2. c4 c6 3. Nf3 Nf6 4. Nc3 e6 5. e3 Be7 6. Bd3 O-O 7. O-O Nbd7 8. Qc2
b6 9. e4 dxe4 10. Nxe4 Bb7 11. Rd1 Nxe4 12. Bxe4 Nf6 13. Bd3 Qc7 14. c5 g6 15.
Rb1 Nd5 16. b4 b5 17. Bd2 Bf6 18. Re1 Rfd8 19. g3 Ne7 20. Bc3 Nd5 21. Bd2 Ne7
22. Rbd1 Nf5 23. Bf4 Qd7 24. Be5 Be7 25. Qd2 Rdc8 26. g4 Ng7 27. Qh6 Ne8 28.
Ng5 Bxg5 29. Qxg5 Qd8 30. Qh6 Qe7 31. Re3 f6 32. Bf4 Rd8 33. Bc2 Bc8 34. Bb3 g5
35. Bg3 Qg7 36. Qh3 Qf7 37. Qg2 Bd7 38. Rde1 Ng7 39. Bd6 Re8 40. Bc2 f5 41.
gxf5 Nxf5 42. Bxf5 exf5 43. Qxg5+ Qg6 44. Qxg6+ hxg6 45. Rxe8+ Rxe8 46. Rxe8+
Bxe8 47. Kg2 Bf7 48. a3 Bb3 49. Kf3 Kf7 50. Kf4 Ke6 51. Kg5 Kf7 52. h4 Be6 53.
f4 Bd5 54. Bb8 a6 55. Be5 Bf3 56. Bf6 Be4 57. Bd8 Bf3 58. Bf6 Be4 59. Bd8
1/2-1/2

[Event "LLHH 1819 Barmbek - Diagonale"]
[Site "?"]
[Date "2019.04.14"]
[Round "9.2"]
[White "Kaye, Ferdinand"]
[Black "Fries-Nielsen, Jens Ove"]
[Result "1/2-1/2"]
[WhiteElo "2083"]
[BlackElo "2360"]
[PlyCount "73"]
[EventDate "2019.??.??"]

1. Nf3 d5 2. g3 Nf6 3. Bg2 e6 4. O-O Be7 5. d3 Nc6 6. a3 O-O 7. c4 a5 8. Qc2 d4
9. Bg5 Nd7 10. Bxe7 Qxe7 11. Re1 Nc5 12. e3 Rd8 13. exd4 Nxd4 14. Nxd4 Rxd4 15.
Re3 Bd7 16. Nc3 Qd6 17. Rd1 Qb6 18. Ne2 Ba4 19. Qb1 Rdd8 20. Re1 Nb3 21. Qc2
Bc6 22. Bxc6 bxc6 23. c5 Qb5 24. d4 Nxd4 25. Nxd4 Rxd4 26. Rb3 Qc4 27. Qxc4
Rxc4 28. Rd1 Rxc5 29. Rd7 g5 30. Rxc7 Rd8 31. Rf3 Rf8 32. Rc3 Rxc3 33. bxc3 Rb8
34. Rxc6 Rb3 35. Rc5 Rxa3 36. Rxg5+ Kf8 37. Kf1 1/2-1/2

[Event "LLHH 1819 Barmbek - Diagonale"]
[Site "?"]
[Date "2019.04.14"]
[Round "9.3"]
[White "Fries-Nielsen, Niels Jorgen"]
[Black "Rudolph, Jens-Erik"]
[Result "1-0"]
[WhiteElo "2323"]
[BlackElo "1812"]
[PlyCount "77"]
[EventDate "2019.??.??"]

1. Nf3 Nc6 2. d4 d6 3. Bg5 f6 4. Bh4 Bg4 5. d5 Ne5 6. Nxe5 dxe5 7. f3 Bd7 8. e4
e6 9. Bc4 exd5 10. Qxd5 Nh6 11. Bf2 c6 12. Qd2 Qe7 13. Nc3 Be6 14. Qe2 Nf7 15.
O-O-O g6 16. Kb1 Bxc4 17. Qxc4 Nd6 18. Qd3 b6 19. Qa6 Qb7 20. Qe2 O-O-O 21. f4
Bg7 22. fxe5 fxe5 23. Bh4 Rd7 24. Qg4 Kc7 25. Rd3 h5 26. Qe6 Bf8 27. Bf6 Rh6
28. Bg5 Rhh7 29. Rhd1 Qc8 30. Qxe5 Bg7 31. Qe6 Bxc3 32. Rxd6 Rxd6 33. Qxd6+ Kb7
34. bxc3 Qg4 35. h4 Qxe4 36. Rd4 Qxg2 37. Qxg6 Qf1+ 38. Kb2 Rf7 39. Qd3 1-0

[Event "LLHH 1819 Barmbek - Diagonale"]
[Site "?"]
[Date "2019.04.14"]
[Round "9.4"]
[White "Bigalke, Andre"]
[Black "Guindy, Esmat Susanne"]
[Result "1-0"]
[WhiteElo "2032"]
[BlackElo "2144"]
[PlyCount "89"]
[EventDate "2019.??.??"]

1. b4 d5 2. Bb2 Bf5 3. e3 e6 4. Nf3 Nf6 5. b5 h6 6. Be2 Bd6 7. O-O O-O 8. c4 c6
9. a4 Re8 10. d4 Nbd7 11. Nbd2 Ne4 12. Nxe4 dxe4 13. Nd2 Qg5 14. Re1 c5 15. f4
exf3 16. Bxf3 cxd4 17. exd4 Nf6 18. Nf1 Bg4 19. c5 Bc7 20. Bxg4 Qxg4 21. Qxg4
Nxg4 22. a5 b6 23. cxb6 axb6 24. a6 Red8 25. Rac1 Ra7 26. h3 Nf6 27. Ne3 Nd5
28. Nc4 Nb4 29. Red1 Bf4 30. Rb1 Rd5 31. Bc3 Na2 32. Be1 Nc1 33. Nxb6 Be3+ 34.
Kh1 Rf5 35. Ba5 Ne2 36. Nc8 Ng3+ 37. Kh2 Bf4 38. Bd2 Nf1+ 39. Kg1 Nxd2 40. Rxd2
Rc7 41. b6 Rxc8 42. b7 Rb8 43. a7 Ra5 44. axb8=Q+ Bxb8 45. Rc2 1-0

[Event "LLHH 1819 Barmbek - Diagonale"]
[Site "?"]
[Date "2019.04.14"]
[Round "9.5"]
[White "Becker, Martin"]
[Black "Schröder, Raymond"]
[Result "0-1"]
[WhiteElo "1946"]
[BlackElo "2010"]
[PlyCount "68"]
[EventDate "2019.??.??"]

1. e4 c5 2. Nf3 Nc6 3. d4 cxd4 4. Nxd4 Nf6 5. Nc3 e5 6. Nb3 Bb4 7. Bd3 d5 8.
exd5 Nxd5 9. Bd2 Nxc3 10. bxc3 Bd6 11. O-O O-O 12. Qh5 f5 13. Bc4+ Kh8 14. Rad1
Qc7 15. Qe2 e4 16. h3 Bd7 17. Nd4 a6 18. Bb3 Rae8 19. Nxc6 Bxc6 20. Be3 f4 21.
Bb6 Qe7 22. Bd4 f3 23. Qd2 Bf4 24. Be3 fxg2 25. Rfe1 Qh4 26. Bxf4 Rxf4 27. Re3
Rf3 28. Rxf3 exf3 29. Qd6 Qxh3 30. Qh2 Qd7 31. Rb1 Qd2 32. Qg3 Qe1+ 33. Rxe1
Rxe1+ 34. Kh2 Rh1# 0-1

[Event "LLHH 1819 Barmbek - Diagonale"]
[Site "?"]
[Date "2019.04.14"]
[Round "9.6"]
[White "Kuckelkorn, Thomas"]
[Black "Hoppe-Jänisch, Daniel"]
[Result "1/2-1/2"]
[WhiteElo "1946"]
[BlackElo "2000"]
[PlyCount "47"]
[EventDate "2019.??.??"]

1. d4 Nf6 2. Nf3 d6 3. c4 g6 4. Nc3 Bg7 5. Bg5 Na6 6. e3 c5 7. Be2 O-O 8. O-O
h6 9. Bh4 g5 10. Bg3 Nh5 11. Qd2 Nxg3 12. hxg3 Bf5 13. Rfd1 Rc8 14. Rac1 b6 15.
a3 Nc7 16. b4 Na6 17. b5 Nc7 18. dxc5 dxc5 19. Qe1 Qe8 20. Bd3 Bg4 21. Be4 f5
22. Bc6 Qf7 23. Nd5 Ne6 24. Bd7 1/2-1/2

[Event "LLHH 1819 Barmbek - Diagonale"]
[Site "?"]
[Date "2019.04.14"]
[Round "9.7"]
[White "Döderlein, Etienne"]
[Black "Sachs, Thomas"]
[Result "1/2-1/2"]
[WhiteElo "1879"]
[BlackElo "1935"]
[PlyCount "35"]
[EventDate "2019.??.??"]

1. d4 Nc6 2. Bf4 d6 3. Nf3 Bf5 4. c4 e5 5. dxe5 Bxb1 6. Rxb1 dxe5 7. Bd2 e4 8.
Ng1 Nf6 9. e3 Qd7 10. Bc3 Qxd1+ 11. Rxd1 Bb4 12. Bxb4 Nxb4 13. a3 Nc6 14. Nh3
Ke7 15. Be2 Rad8 16. O-O h6 17. Nf4 Rxd1 18. Rxd1 1/2-1/2

[Event "LLHH 1819 Barmbek - Diagonale"]
[Site "?"]
[Date "2019.04.14"]
[Round "9.8"]
[White "Stiemer, Sönke"]
[Black "Holst, Marten"]
[Result "1/2-1/2"]
[WhiteElo "2042"]
[BlackElo "1932"]
[PlyCount "22"]
[EventDate "2019.??.??"]

1. d4 Nf6 2. Nf3 b6 3. e3 Bb7 4. b3 g6 5. Bb2 Bg7 6. Be2 O-O 7. O-O c5 8. c4
cxd4 9. Nxd4 Nc6 10. Nxc6 dxc6 11. Bf3 Qc7 1/2-1/2